Porque esta vez no se trata de cambiar un presidente: diálogo con Fernando Lugo /

Kaydedildi:
Detaylı Bibliyografya
Yazar: Korol, Claudia
Materyal Türü: Metin
Etiketler: Etiketle
Etiket eklenmemiş, İlk siz ekleyin!

MARC

LEADER 00000 a a2200000 04500
001 44056
003
040
100 |a Korol, Claudia  
245 |a Porque esta vez no se trata de cambiar un presidente: diálogo con Fernando Lugo /  |c Claudia Korol  
773 |g número48 ( , 2008), páginas 44-48  
999 |c 36575  |d 36575